| 000 | 00625nam a2200193 a 4500 | ||
|---|---|---|---|
| 005 | 20240806063907.0 | ||
| 008 | 010718s1999 r 000 0 eng d | ||
| 020 | _a968502524X | ||
| 035 | _aUPN01000109844 | ||
| 049 | _aCG | ||
| 050 | 4 |
_aPQ7298.23 07 _bC3.6 |
|
| 100 | 1 |
_aMorales Constantino, Heberto _d1933- |
|
| 245 | 1 | 0 |
_aCanción sin letra / _cHeberto Morales Constantino. |
| 260 |
_aTuxtla GutiƩrrez : _bConsejo Estatal para la Cultura y las Artes de Chiapas, _c1999. |
||
| 300 | _a239 p. | ||
| 440 | 0 |
_aLibros de Chiapas. _pAutores contemporaneos. Narrativa |
|
| 650 | 4 |
_aLiteratura mexicana _94466 |
|
| 905 | _aLibro | ||
| 999 |
_c83754 _d83754 |
||